<?xml version="1.0" encoding="UTF-8"?>
<collection xmlns="http://www.loc.gov/MARC21/slim">
 <record>
  <leader>00913pamaa2200217   4500</leader>
  <controlfield tag="001">0000046717</controlfield>
  <controlfield tag="005">20121206090000.0</controlfield>
  <controlfield tag="008">100223                             eng  </controlfield>
  <datafield tag="020" ind1="0" ind2="0">
   <subfield code="a">0321593014 (CD-ROM) </subfield>
  </datafield>
  <datafield tag="090" ind1="0" ind2="0">
   <subfield code="a">QA37.2 </subfield>
   <subfield code="b">LIA 2010</subfield>
  </datafield>
  <datafield tag="100" ind1="1" ind2="0">
   <subfield code="a">Lial </subfield>
  </datafield>
  <datafield tag="245" ind1="1" ind2="0">
   <subfield code="a">Basic college mathematics  </subfield>
   <subfield code="c">Margaret L. Lial, Stanley A. Salzman, Diana L. Hestwood  (8th ed) and Essential mathematics by Margaret L. Lial, Stanley A. Salzman (3rd ed).</subfield>
  </datafield>
  <datafield tag="260" ind1="0" ind2="0">
   <subfield code="a">Boston, MA: </subfield>
   <subfield code="b">Pearson Education, </subfield>
   <subfield code="c">2010.</subfield>
  </datafield>
  <datafield tag="300" ind1=" " ind2=" ">
   <subfield code="a">1 CD-ROM; </subfield>
   <subfield code="c">4.5 inch.</subfield>
  </datafield>
  <datafield tag="500" ind1="0" ind2="0">
   <subfield code="a">To accompany textbook title &quot;Basic college mathematics / Margaret L. Lial, Stanley A. Salzman, Diana L. Hestwood&quot;</subfield>
  </datafield>
  <datafield tag="500" ind1="0" ind2="0">
   <subfield code="a">To accompany textbook title &quot;Essential mathematics / Margaret L. Lial, Stanley A. Salzman&quot;</subfield>
  </datafield>
  <datafield tag="501" ind1="0" ind2="0">
   <subfield code="a">FAS</subfield>
  </datafield>
  <datafield tag="650" ind1="0" ind2="0">
   <subfield code="a">Arithmetic -- </subfield>
   <subfield code="x">Textbooks </subfield>
  </datafield>
  <datafield tag="700" ind1="1" ind2="1">
   <subfield code="a">Salzman, </subfield>
   <subfield code="h">Stanley A. </subfield>
  </datafield>
  <datafield tag="700" ind1="1" ind2="1">
   <subfield code="a">Hestwood, </subfield>
   <subfield code="h">Diana L. </subfield>
  </datafield>
  <datafield tag="901" ind1=" " ind2=" ">
   <subfield code="u">www.ictcm.com</subfield>
  </datafield>
 </record>
</collection>
